| Tag |
First Indicator |
Second Indicator |
Subfields |
| LEADER |
00000cam a22000004a 4500 |
| 001 |
in00002339813 |
| 005 |
20151108050346.0 |
| 008 |
070329s2007 mauab b 001 0 eng |
| 010 |
|
|
|a 2007013094
|
| 015 |
|
|
|a GBA755661
|2 bnb
|
| 016 |
7 |
|
|a 013795211
|2 Uk
|
| 020 |
|
|
|a 9780674025820 (alk. paper)
|
| 020 |
|
|
|a 0674025822 (alk. paper)
|
| 035 |
|
|
|a (OCoLC)ocn122424291
|
| 035 |
|
|
|a (OCoLC)122424291
|
| 040 |
|
|
|a DLC
|c DLC
|d BAKER
|d BTCTA
|d UKM
|d C#P
|d YDXCP
|d IXA
|d UtOrBLW
|
| 043 |
|
|
|a e-cs---
|
| 049 |
|
|
|a TXAM
|
| 050 |
0 |
0 |
|a DB2176
|b .W65 2007
|
| 082 |
0 |
0 |
|a 943.71/02
|2 22
|
| 100 |
1 |
|
|a Wingfield, Nancy M.
|q (Nancy Meriwether)
|
| 245 |
1 |
0 |
|a Flag wars and stone saints :
|b how the Bohemian lands became Czech /
|c Nancy M. Wingfield.
|
| 264 |
|
1 |
|a Cambridge, Mass. :
|b Harvard University Press,
|c 2007.
|
| 300 |
|
|
|a xviii, 353 pages :
|b illustrations, maps ;
|c 25 cm.
|
| 336 |
|
|
|a text
|b txt
|2 rdacontent
|
| 337 |
|
|
|a unmediated
|b n
|2 rdamedia
|
| 338 |
|
|
|a volume
|b nc
|2 rdacarrier
|
| 504 |
|
|
|a Includes bibliographical references (pages [303]-343) and index.
|
| 505 |
0 |
|
|a Imagining the emperor : statues of Joseph II as sites of German identity -- The battle joined : protesting the Badeni language ordinances -- The Moravians compromise? Czechs, Germans, and the question of a second Czech university -- Centers and peripheries : the Francis Joseph jubilees -- National myths and the consolidation of the Czechoslovak state -- Pomp and circumstances : commemorations and the construction of national memory -- The politics of sound : "talkies" and anti-German demonstrations in Prague -- The attempt to construct a German community -- The politics of memory in postwar Czechoslovakia.
|
| 650 |
|
0 |
|a Nationalism
|z Czechoslovakia
|x History.
|
| 650 |
|
0 |
|a Germans
|z Czechoslovakia
|x History.
|
| 650 |
|
0 |
|a Ethnicity
|x Political aspects
|z Czechoslovakia.
|
| 650 |
|
0 |
|a Collective memory
|z Czechoslovakia.
|
| 650 |
|
0 |
|a Popular culture
|z Czechoslovakia.
|
| 650 |
|
0 |
|a Myth
|x Political aspects
|z Czechoslovakia.
|
| 856 |
4 |
1 |
|3 Table of contents only
|u http://www.loc.gov/catdir/toc/ecip0714/2007013094.html
|t 0
|
| 938 |
|
|
|a Baker & Taylor
|b BKTY
|c 49.95
|d 49.95
|i 0674025822
|n 0007183146
|s active
|
| 938 |
|
|
|a Baker and Taylor
|b BTCP
|n 2007013094
|
| 938 |
|
|
|a YBP Library Services
|b YANK
|n 2567984
|
| 945 |
|
|
|a PromptCat
|b 253397
|
| 946 |
|
|
|a stk
|
| 947 |
|
|
|a A14836477915
|
| 948 |
|
|
|a cataloged
|b h
|c 2007/10/31
|d c
|e dmartine
|f 2:44:37 pm
|
| 994 |
|
|
|a 92
|b TXA
|
| 999 |
|
|
|a MARS
|
| 999 |
f |
f |
|s 6111e3d8-cd5c-3ef8-8157-7d1dcca9c845
|i 6b43c381-c3a2-3d97-8ad0-e8828ea03bf2
|t 0
|
| 952 |
f |
f |
|p normal
|a Texas A&M University
|b College Station
|c Sterling C. Evans Library
|d Evans: Library Stacks
|t 0
|e DB2176 .W65 2007
|h Library of Congress classification
|i unmediated -- volume
|m A14836477915
|
| 998 |
f |
f |
|a DB2176 .W65 2007
|t 0
|l Evans: Library Stacks
|